| 000 | 00586nam a2200181Ia 4500 | ||
|---|---|---|---|
| 008 | 100920s9999 xx 000 0 und d | ||
| 082 |
_b95487 _a891.43 0 |
||
| 100 | _aचेेेस जेम्स हॅडली. | ||
| 245 | _aकेबिन मे लाश. | ||
| 260 |
_bडायमंड पॉकेट बुक्स दिल्ली. _c0 |
||
| 300 |
_a224 _bसाधी |
||
| 365 | _b6 | ||
| 520 | _aहिंदी. | ||
| 630 | _aकेबिन मे लाश. | ||
| 650 | _aहिंदी. | ||
| 730 | _aकेबिन मे लाश. | ||
| 942 | _cBOOK | ||
| 999 |
_c735929 _d735926 |
||